000 01135nam a22003137a 4500
003 CHAP
005 20220329140138.0
008 971013s1982 r 00010 d
010 _a47639
011 _a48611
035 _a52757
040 _cCHAP
090 _aTesis
100 0 0 _aReyes Salgado, Fernando.
_996980
245 _aCitodiagnóstico de exudado cervico vaginal de ganado bovino en 150 casos en el sur del Estado de México
260 _aToluca, Méx. :
_bEl autor,
_c1982
300 _a46 h.
_b: ilus. ; mapas ; gráfs.
502 _aTesis (Médico Veterinario Zootecnista) -- Universidad Autónoma del Estado de México. Escuela de Medicina Veterinaria y Zootecnia
590 _aALEPH
_b10
_c20130110
_lUCH01
_h1317
590 _aBATCH-UPD
_b10
_c20130110
_lUCH01
_h1606
590 _aBATCH-UPD
_b10
_c20130410
_lUCH01
_h1002
590 _aBATCH-UPD
_b10
_c20130914
_lUCH01
_h1525
590 _aCONVERSION
_b10
_c20130109
_lUCH01
_h1326
650 1 4 _aGanado vacuno
_xEnfermedades.
_945460
650 1 4 _aGanado vacuno
_xMéxico (Edo.)
_945494
901 _aBK
942 _cTESIS
949 _bBC
_cTES
_d-117330
_eTS1
_i52757
_si
999 _c47639
_d47639